{"text_format":"1","workbook":"xlsx","n_sheets":3,"sheets":["рабочка","база","макросы не включены"],"not_rendered":{"charts":0,"images":0,"macros":1,"external_links":0,"defined_names":0,"comments":0,"pivot_tables":0},"unopened":[],"bounds":{"document_bytes":16777216,"sheet_cells":100000,"rows_first":2000,"rows_last":500,"rows_between":2000,"halvings":0,"cell_chars":16384,"cell_head_chars":4096},"cells_cut":0,"cells_raw":0,"read":"whole","date_system":"1900"}

{"sheet":"рабочка","index":0,"n_rows":35,"n_cols":7,"rows_kept":35,"cut":false,"hidden":false,"merged":[[34,0,34,1],[34,3,34,5],[32,0,32,1],[33,0,33,1],[33,3,33,5],[28,0,28,1],[29,0,29,1],[25,0,25,1],[26,0,26,1],[4,0,4,1],[13,0,13,1],[22,0,22,1],[23,0,23,1]]}
[]
[]
[]
[]
["Шифр",null,"Название","Ед. изм.","Кол-во","Цена","Стоимость"]
["2-03",null,"Демонтаж конструкций бетонных М 150 - 200","м3",1,500,{"$f":"E6*F6","v":500}]
[null,"126","Круг алмазный 230 бетон  ","шт.",{"$f":"E6*0.9","v":0.9},420,378]
[null,"190","Пика к отбойному молотку 400 мм","шт.",{"$f":"E6*2","v":2},488,976]
["2-04",null,"Демонтаж конструкций бетонных М 250 - 300","м3",1,600,600]
[null,"126","Круг алмазный 230 бетон  ","шт.",{"$f":"E9*1.2","v":1.2},420,504]
[null,"190","Пика к отбойному молотку 400 мм","шт.",{"$f":"E9*3","v":3},488,1464]
["2-05",null,"Демонтаж перегородок кирпичных, пеногазо-гипсоблочных","м2",1,55,55]
["2-06",null,"Демонтаж перегородок из ГКЛ","м2",1,40,40]
[null,null,"                                                  1.  ДЕМОНТАЖНЫЕ РАБОТЫ"]
["2-51",null,"Пробивка ниши в кирпичной стене под сейф, эл.счетчик  и отопительные приборы (размером до 0,35 м3)","шт.",1,156,{"$f":"E15*F15","v":156}]
[null,"126","Круг алмазный 230 бетон  ","шт.",{"$f":"E15*0.1","v":0.1},420,42]
[null,"190","Пика к отбойному молотку 400 мм","шт.",{"$f":"E15*0.6","v":0.6},488,292.8]
["2-52",null,"Пробивка ниши в бетонной стене под сейф, отопительные приборы, эл.счетчик (размером до 0,35 м3)","шт.",1,270,270]
[null,"126","Круг алмазный 230 бетон  ","шт.",{"$f":"E18*0.25","v":0.25},420,105]
[null,"190","Пика к отбойному молотку 400 мм","шт.",{"$f":"E18","v":1},488,488]
["2-53",null,"Защита пола, стен и прочих конструкций ДВП","м2",1,9,9]
[null,"197","Плита ДВП t-2,5 мм","м2",{"$f":"E21*1.15","v":1.1499999999999999},16.399999999999999,18.859999999999996]
["2-28",null,"Демонтаж конструкций старой кровли (без медного покрытия) ","м2","10","90,00",{"$f":"E23*F23","v":900}]
["2-57",null,"Ограждение мест повышенной опасности","м.п.","45,00","20,00",{"$f":"E24*F24","v":900}]
[null,"057","Доска обрезная 40 мм ","м3","0,25","2500,00",625]
[null,null,"                      4. др",null,null,null,0]
["2-42",null,"Пробивка сквозных отверстий диаметром до 50 мм в бетоне до 250 мм.","шт.","252","65,00",16380]
[null,"190","Пика к отбойному молотку 400 мм","шт.","50,4","488,00",24595.200000000001]
[null,null,"             6. сопутствующее",null,null,null,0]
["2-51",null,"Пробивка ниши в кирпичной стене под установку коссоуров","шт.","4","156,00",624]
[null,"126","Круг алмазный 230 бетон  ","шт.","0,4","420,00",168]
[null,"190","Пика к отбойному молотку 400 мм","шт.","2,4","488,00",1171.2]
[null,null,"Установка лесов","м2","520","14",7280]
[null,null,"Стоимость работ (грн.):",null,null,null,{"$f":"SumByInteriorColor($G$14:$G$33,J2,0)","v":26519}]
[null,null,"Стоимость материалов (грн.):",null,null,null,{"$f":"SumByInteriorColor1($G$14:$G$33,O1,1)","v":27506.06}]

{"sheet":"база","index":1,"n_rows":123,"n_cols":13,"rows_kept":123,"cut":false,"hidden":false,"merged":[]}
[null,null,null,null,null,null,null,null,null,null,null,null,1]
[null,null,"Название","Ед. изм.","Норма","Цена"]
[null,null,"ЗЕМЛЯНЫЕ РАБОТЫ"]
["1-01",null,"Разработка грунта песчаного вручную","м3",1,80,{"$f":"E4*F4","v":80}]
["1-02",null,"Разработка грунта песчаного вручную в траншее","м3",1,110,{"$f":"E5*F5","v":110}]
["1-03",null,"Разработка грунта глинистого вручную ","м3",1,95,95]
["1-04",null,"Разработка грунта глинистого вручную в траншее","м3",1,150,150]
["1-05",null,"Разработка грунта с мусором и камнем вручную","м3",1,140,140]
["1-06",null,"Разработка грунта с мусором и камнем вручную в траншее","м3",1,200,200]
["1-07",null,"Обратная засыпка грунта вручную","м3",1,70,70]
[null,null,"ДЕМОНТАЖНЫЕ И ВСПОМОГАТЕЛЬНЫЕ РАБОТЫ",null,null,null,0]
["2-01",null,"Демонтаж капитальных стен кирпичных","м3",1,350,350]
[null,"126","Круг алмазный 230 бетон  ","шт.",{"$f":"E12*0.3","v":0.3},420,126]
[null,"190","Пика к отбойному молотку 400 мм","шт.",{"$f":"E12*0.3","v":0.3},488,146.4]
["2-02",null,"Демонтаж контструкций бетонных М 50 - 100","м3",1,450,450]
[null,"126","Круг алмазный 230 бетон  ","шт.",{"$f":"E15*0.6","v":0.6},420,252]
[null,"190","Пика к отбойному молотку 400 мм","шт.",{"$f":"E15","v":1},488,488]
["2-03",null,"Демонтаж конструкций бетонных М 150 - 200","м3",1,500,500]
[null,"126","Круг алмазный 230 бетон  ","шт.",{"$f":"E18*0.9","v":0.9},420,378]
[null,"190","Пика к отбойному молотку 400 мм","шт.",{"$f":"E18*2","v":2},488,976]
["2-04",null,"Демонтаж конструкций бетонных М 250 - 300","м3",1,600,600]
[null,"126","Круг алмазный 230 бетон  ","шт.",{"$f":"E21*1.2","v":1.2},420,504]
[null,"190","Пика к отбойному молотку 400 мм","шт.",{"$f":"E21*3","v":3},488,1464]
["2-05",null,"Демонтаж перегородок кирпичных, пеногазо-гипсоблочных","м2",1,55,55]
["2-06",null,"Демонтаж перегородок из ГКЛ","м2",1,40,40]
["2-07",null,"Демонтаж перегородок деревянных  ","м2",1,45,45]
["2-08",null,"Демонтаж перекрытия деревянного в комплексе","м2",1,65,65]
["2-09",null,"Демонтаж дощатого настила","м2",1,18,18]
["2-10",null,"Демонтаж перекрытий железобетонных  толщиной до 22 см","м2",1,160,160]
[null,"126","Круг алмазный 230 бетон  ","шт.",{"$f":"E29*0.12","v":0.12},420,50.4]
[null,"190","Пика к отбойному молотку 400 мм","шт.",{"$f":"E29*0.1","v":0.1},488,48.800000000000004]
["2-11",null,"Демонтаж пристенка,подв.потолка из ГКЛ","м2",1,22,22]
[null,"126","Круг алмазный 230 бетон  ","шт.",{"$f":"E32*0.12","v":0.12},420,50.4]
["2-12",null,"Срубка штукатурки","м2",1,30,30]
["2-13",null,"Срубка откосов из кирпича и бетона","м.п.",1,30,30]
[null,"126","Круг алмазный 230 бетон  ","шт.",{"$f":"E35*0.12","v":0.12},420,50.4]
[null,"190","Пика к отбойному молотку 400 мм","шт.",{"$f":"E35*0.02","v":0.02},488,9.76]
["2-14",null,"Демонтаж керамической плитки с раствором","м2",1,45,45]
["2-15",null,"Размывка стен и потолков","м2",1,25,25]
["2-16",null,"(резерв)","шт.",1,0,0]
["2-17",null,"Демонтаж падуг, багетов","м.п.",1,8,8]
["2-18",null,"Демонтаж потолка \"Армстронг\"","м2",1,18,18]
["2-19",null,"Демонтаж осветительных приборов","шт.",1,20,20]
["2-20",null,"Демонтаж столярки","шт.",1,80,80]
["2-21",null,"Демонтаж подоконников","м.п.",1,14,14]
["2-22",null,"Демонтаж отливов","шт.",1,14,14]
["2-23",null,"Демонтаж стяжки","м2",1,40,40]
[null,"190","Пика к отбойному молотку 400 мм","шт.",{"$f":"E47*0.05","v":0.05},488,24.400000000000002]
["2-24",null,"Демонтаж асфальта","м2",1,40,40]
[null,"190","Пика к отбойному молотку 400 мм","шт.",{"$f":"E49*0.05","v":0.05},488,24.400000000000002]
["2-25",null,"Демонтаж паркетного пола","м2",1,24,24]
["2-26",null,"Демонтаж рулонных покрытий пола","м2",1,15,15]
["2-27",null,"Демонтаж пластикового, деревянного плинтуса","м.п.",1,5,5]
["2-28",null,"Демонтаж кровли и стропильной конструкции деревянной","м2",1,90,90]
["2-29",null,"Демонтаж старых водоприемных воронок","шт.",1,60,60]
["2-30",null,"Демонтаж металлоконструкций","тонн",1,1000,1000]
[null,"106","Кислород 40 л","балл.",{"$f":"E56*0.3","v":0.3},95,28.5]
[null,"210","Пропан 50 л","балл.",{"$f":"E56*0.1","v":0.1},507,{"$f":"E58*F58","v":50.7}]
[null,"332","Электроды АНО-4 d-3","кг",{"$f":"E56*20","v":20},58.8,1176]
["2-31",null,"Сверление  верткальных отверстий в ЖБ (Хилти ф110) на 1 см прохода","см",1,9,9]
["2-32",null,"Сверление вертикальных отверстий в ЖБ (Хилти ф160) на 1 см прохода","см",1,10,10]
["2-33",null,"Сверление горизонтальных отверстий в ЖБ (Хилти ф110) на 1 см прохода","см",1,9,9]
["2-34",null,"Сверление горизонтальных отверстий в ЖБ (Хилти ф160) на 1 см прохода","см",1,11,11]
["2-35",null,"Пробивка сквозных отверстий диаметром до 20 мм в кирпиче б=250 мм.","шт.",1,18,18]
[null,"309","Шнек 400 мм","шт.",{"$f":"E64*0.06","v":0.06},494,29.64]
["2-36",null,"Пробивка сквозных отверстий диаметром до 50 мм в кирпиче б=250 мм.","шт.",1,42,42]
[null,"309","Шнек 400 мм","шт.",{"$f":"E66*0.08","v":0.08},494,39.520000000000003]
["2-37",null,"Пробивка сквозных отверстий диаметром до 120 мм в кирпиче б=250 мм.","шт.",1,78,78]
[null,"309","Шнек 400 мм","шт.",{"$f":"E68*0.12","v":0.12},494,59.28]
["2-38",null,"Пробивка сквозных отверстий в капитальной кирпичной стене под коммуникации 130х130-300х300 мм б=250 мм","шт.",1,110,110]
[null,"190","Пика к отбойному молотку 400 мм","шт.",{"$f":"E70*0.15","v":0.15},488,73.2]
["2-39",null,"Пробивка сквозных отверстий диаметром до 50 мм в кирпиче б=510 мм.","шт.",1,78,78]
[null,"309","Шнек 400 мм","шт.",{"$f":"E72*0.12","v":0.12},494,59.28]
["2-40",null,"Пробивка сквозных отверстий диаметром до 120 мм в кирпиче б=510 мм.","шт.",1,109,109]
[null,"309","Шнек 400 мм","шт.",{"$f":"E74*0.15","v":0.15},494,74.099999999999994]
["2-41",null,"Пробивка сквозных отверстий в капитальной кирпичной стене под коммуникации 130х130-300х300 мм б=510 мм","шт.",1,169,169]
[null,"190","Пика к отбойному молотку 400 мм","шт.",{"$f":"E76*0.2","v":0.2},488,97.600000000000009]
["2-42",null,"Пробивка сквозных отверстий диаметром до 50 мм в бетоне до 250 мм.","шт.",1,65,65]
[null,"190","Пика к отбойному молотку 400 мм","шт.",{"$f":"E78*0.2","v":0.2},488,97.600000000000009]
["2-43",null,"Пробивка сквозных отверстий диаметром до 120 мм в бетоне толщиной до 250 мм","шт.",1,130,130]
[null,"190","Пика к отбойному молотку 400 мм","шт.",{"$f":"E80*0.3","v":0.3},488,146.4]
["2-44",null,"Пробивка сквозных отверстий под коммуникации 130х130-300х300 мм  в бетоне толщиной до 250 мм","шт.",1,156,156]
[null,"190","Пика к отбойному молотку 400 мм","шт.",{"$f":"E82*0.35","v":0.35},488,170.79999999999998]
["2-45",null,"Пробивка сквозных отверстий диаметром до 50 мм в бетоне до 500 мм.","шт.",1,156,156]
[null,"190","Пика к отбойному молотку 400 мм","шт.",{"$f":"E84","v":1},488,488]
["2-46",null,"Пробивка сквозных отверстий диаметром до 120 мм в бетоне толщиной до 500 мм","шт.",1,169,169]
[null,"190","Пика к отбойному молотку 400 мм","шт.",{"$f":"E86*1.5","v":1.5},488,732]
["2-47",null,"Пробивка сквозных отверстий под коммуникации 130х130-300х300 мм  в бетоне толщиной до 500 мм","шт.",1,208,208]
[null,"190","Пика к отбойному молотку 400 мм","шт.",{"$f":"E88*1.8","v":1.8},488,878.4]
["2-48",null,"Пробивка сквозных отверстий диаметром до 50 мм в бетоне до 1000 мм.","шт.",1,168,168]
[null,"190","Пика к отбойному молотку 400 мм","шт.",{"$f":"E90*1.8","v":1.8},488,878.4]
["2-49",null,"Пробивка сквозных отверстий диаметром до 120 мм в бетоне толщиной до 1000 мм","шт.",1,208,208]
[null,"190","Пика к отбойному молотку 400 мм","шт.",{"$f":"E92*2.5","v":2.5},488,1220]
["2-50",null,"Пробивка сквозных отверстий под коммуникации 130х130-300х300 мм  в бетоне толщиной до 1000 мм","шт.",1,273,273]
[null,"190","Пика к отбойному молотку 400 мм","шт.",{"$f":"E94*3","v":3},488,1464]
["2-51",null,"Пробивка ниши в кирпичной стене под сейф, эл.счетчик  и отопительные приборы (размером до 0,35 м3)","шт.",1,156,156]
[null,"126","Круг алмазный 230 бетон  ","шт.",{"$f":"E96*0.1","v":0.1},420,42]
[null,"190","Пика к отбойному молотку 400 мм","шт.",{"$f":"E96*0.6","v":0.6},488,292.8]
["2-52",null,"Пробивка ниши в бетонной стене под сейф, отопительные приборы, эл.счетчик (размером до 0,35 м3)","шт.",1,270,270]
[null,"126","Круг алмазный 230 бетон  ","шт.",{"$f":"E99*0.25","v":0.25},420,105]
[null,"190","Пика к отбойному молотку 400 мм","шт.",{"$f":"E99","v":1},488,488]
["2-53",null,"Защита пола, стен и прочих конструкций ДВП","м2",1,9,9]
[null,"197","Плита ДВП t-2,5 мм","м2",{"$f":"E102*1.15","v":1.1499999999999999},16.399999999999999,18.859999999999996]
["2-54",null,"Защита пола, стен и прочих конструкций пленкой п/э ","м2",1,4,4]
[null,"200","Пленка п/е 1500*100 ","м2",{"$f":"E104*1.15","v":1.1499999999999999},4.8600000000000003,5.5889999999999995]
["2-55",null,"Защита пола, стен и прочих конструкций гофрокартоном","м2",1,4,4]
[null,"044","Гофрокартон","м2",{"$f":"E106*1.15","v":1.1499999999999999},7.09,8.1534999999999993]
["2-56",null,"Заделка проемов под коммуникации","место",1,60,60]
[null,"184","Пена монтажная Soudal 750 мл ","шт.",{"$f":"E108*0.3","v":0.3},117,35.1]
["2-57",null,"Ограждение мест повышенной опасности","м.п.",1,20,20]
[null,"057","Доска обрезная 40 мм ","м3",{"$f":"E110*0.01","v":0.01},2300,23]
["2-58",null,"Устройство переходных мостов","м2",1,50,50]
[null,"040","Гвозди","кг",{"$f":"E112*0.1","v":0.1},21,2.1]
[null,"057","Доска обрезная 40 мм ","м3",{"$f":"E112*0.06","v":0.06},2300,138]
["2-59",null,"Вынос мусора с 1-го этажа после ДМ и строительных работ","м3",1,125,125]
[null,"155","Мешки для строительного мусора","шт.",{"$f":"E115*50","v":50},4.9000000000000004,245.00000000000003]
["2-60",null,"Погрузка мусора на машину вручную","м3",1,60,60]
["2-61",null,"Вынос мусора с 2-го этажа и выше вручную (за 1 эт)","м3",1,60,60]
["2-62",null,"Вывоз строительного мусора","м3",1,250,250]
["2-63",null,"Подъем (спуск) материалов вручную за 1эт или лифтом ","тонн",1,135,135]
["2-64",null,"Доставка материалов к месту укладки вручную на расстояние более 30 м ","тонн",1,85,85]
["2-65",null,"Доставка материалов к месту укладки вручную на расстояние более 30 м (надбавка за каждые 10м)","тонн",1,22,{"$f":"E122*F122","v":22}]
["2-66",null,"Установка  лесов и разборка за 1 раз","м2",1,28,28]

{"sheet":"макросы не включены","index":2,"n_rows":0,"n_cols":0,"rows_kept":0,"cut":false,"hidden":true,"merged":[]}